000 00691cam a2200265 4500
001 ABS66588
008 030428n2003 000 0 eng u
035 _a(Sirsi) u122092
245 _aFocus 2003: Manchester industrial
260 _c2003
490 _aEstates Gazette
_v(0312) 22 March 2003, 67-91(11)
590 _aABS
650 _aMANCHESTER
650 _aINDUSTRIAL MARKET
650 _aOCCUPIERS
650 _aRENTS
650 _aYIELDS
650 _aDEVELOPMENT
650 _aNORTHWEST ENGLAND
650 _aINVESTMENT YIELDS
650 _aLand use
_96251
650 _aPLANNING
690 _aPROPERTY-COMMERCIAL PROPERTY-COMMERCIAL PROPERTY MARKET
942 _n0
999 _c72548
_d72548